00692nam a22002057a 45000050016000000100027000160200026000430350027000690370024000960370019001200820008001391000020001472450080001672600037002472700064002843000036003484900049003845000033004337000020004662009121503333.0 aB-370301-311 B-444671 c105.00a9788179915141 aB-370301-311 B-444671 bPopular Parakashan  bBlue Berry/Ven a612 aKamath, Anjali  aHuman body:bour complex body /cby Anjali Kamath; edited by Sujatha Menon  bPopular Prakashanc2009aMumbai  a301, Mahalaxmi, 22, Bhulabhai Desai Road, bMumbai e400026 a48p.:bcol. photos c28cm(pbk)  aBrainworks a kangaroo kids initiative series aIncludes glossary and index  aMenon, Sujatha